Del progreso en cirugía (Record no. 154346)

MARC details
000 -LEADER
campo de control de longitud fija 00769nam a22001695i 4500
001 - NÚMERO DE CONTROL
campo de control 154346
003 - IDENTIFICADOR DE NÚMERO DE CONTROL
campo de control ES-MaACL
005 - FECHA Y HORA DE LA ÚLTIMA TRANSACCIÓN
campo de control 20230906205704.0
008 - DATOS DE LONGITUD FIJA--INFORMACIÓN GENERAL
campo de control de longitud fija 961110s1887 sp |||| | spa d
040 ## - FUENTE DE CATALOGACIÓN
Centro catalogador/agencia de origen CLM
Lengua de catalogación spa
Centro/agencia transcriptor CCPB | SIC
100 1# - ENTRADA PRINCIPAL--NOMBRE DE PERSONA
Nombre de persona Rico Godoy, José.
9 (RLIN) 97026
245 10 - MENCIÓN DEL TÍTULO
Título Del progreso en cirugía
Resto del título : discurso leido en la solemne apertura del curso académico de 1887 à 1888 en la Universidad Literaria de Granada /
Mención de responsabilidad, etc. José Godoy y Rico.
260 ## - PUBLICACIÓN, DISTRIBUCIÓN, ETC.
Lugar de publicación, distribución, etc. Granada :
Nombre del editor, distribuidor, etc. [s.n.],
Fecha de publicación, distribución, etc. 1887 (
Fabricante Imp. de Indalecio Prieto)
300 ## - DESCRIPCIÓN FÍSICA
Extensión 80 p. ;
Dimensiones 32 cm.
710 2# - ENTRADA AGREGADA--NOMBRE DE ENTIDAD CORPORATIVA
Nombre de entidad corporativa o nombre de jurisdicción como elemento de entrada Universidad Literaria de Granada.
9 (RLIN) 153703
852 ## - LOCALIZACIÓN
Ubicación ES-MaACL
Número de control de estantería T-448-F-7
Nota libre -- Enc. hol.
-- -- Enc. varias obras en un vol.
Encuadernación -- Edic.: en este ejemp. consta en pie de imp.: Imprenta de Indalecio Ventura
Holdings
Estatus retirado Estado de pérdida Estado de daño No para préstamo Colección Biblioteca de origen Biblioteca actual Ubicación en estantería Fecha de adquisición Total de préstamos Signatura topográfica completa Código de barras Visto por última vez Precio de reemplazo Tipo de ítem Koha
        Colección de folletos Biblioteca del Ateneo de Madrid Biblioteca del Ateneo de Madrid Depósito folletos 17/01/2008   T-448-F-7 1161405 23/02/2023 23/02/2023 Folleto